000 00421nam a2200145Ia 4500
008 151021s9999 xx 000 0 und d
020 _a9.7881317233e+012
050 _aQD101.D97 2000
245 _a_Vogel's Quantitative Chemical Analysis (6th ed)
260 _aIndia Pearson Education 2000
300 _axxix,790p.;ill
500 _aIncludes Index
650 _a_Chemistry
980 _a^d20110114 11:03:22^okilerai
999 _c6007
_d6007